Statystyki dla Najludniejsze dzisiejsze państwa w 1 roku

Kliknij tutaj aby rozwiązać quiz!

Ogólne statystyki

  • Ten quiz został rozwiązany 19 713 razy
  • Średni wynik to 11 z 20

Statystyki odpowiedzi

LudnośćKraj% Poprawnych
55 mlnChiny
95%
36 mlnIndie
84%
7 mlnWłochy
83%
4 mlnFrancja
80%
4 mlnNiemcy
79%
3 mlnHiszpania
76%
4 mlnEgipt
74%
3 mlnJaponia
72%
8 mlnTurcja
69%
2 mlnGrecja
66%
4 mlnIran
60%
2 mlnMeksyk
44%
2 mlnAlgieria
41%
2 mlnIndonezja
41%
2 mlnPakistan
41%
2 mlnSyria
35%
2 mlnNigeria
29%
2 mlnBangladesz
28%
2 mlnAfganistan
26%
2 mlnSudan
24%

Rozkład punktacji

Percentyl według liczby udzielonych odpowiedzi

Procent ludzi z każdym wynikiem

Twoja historia wyników

Nie rozwiązałeś tego quizu